<?xml version="1.0" encoding="UTF-8"?>
<record
    xmlns:xsi="http://www.w3.org/2001/XMLSchema-instance"
    xsi:schemaLocation="http://www.loc.gov/MARC21/slim http://www.loc.gov/standards/marcxml/schema/MARC21slim.xsd"
    xmlns="http://www.loc.gov/MARC21/slim">

  <leader>01056nam a22002777a 4500</leader>
  <controlfield tag="005">20150521020002.0</controlfield>
  <controlfield tag="008">050802s20122004ck      rc    00010 spa d</controlfield>
  <datafield tag="020" ind1=" " ind2=" ">
    <subfield code="a">9588188067</subfield>
  </datafield>
  <datafield tag="041" ind1="0" ind2=" ">
    <subfield code="a">spa</subfield>
  </datafield>
  <datafield tag="044" ind1=" " ind2=" ">
    <subfield code="a">ck</subfield>
  </datafield>
  <datafield tag="082" ind1="0" ind2="4">
    <subfield code="a">581.1 </subfield>
    <subfield code="b">C25v</subfield>
  </datafield>
  <datafield tag="245" ind1="0" ind2="0">
    <subfield code="a">Vegetaci&#xF3;n del territorio CAR, 450 especies de sus llanuras y monta&#xF1;as / </subfield>
    <subfield code="c">Gilberto E. Mahecha Vega ... [et. al].</subfield>
  </datafield>
  <datafield tag="250" ind1=" " ind2=" ">
    <subfield code="a">2da</subfield>
  </datafield>
  <datafield tag="260" ind1=" " ind2=" ">
    <subfield code="a">Bogot&#xE1;</subfield>
    <subfield code="b">Corporaci&#xF3;n Aut&#xF3;noma Regional de Cundinamarca CAR</subfield>
    <subfield code="c">2012</subfield>
  </datafield>
  <datafield tag="300" ind1=" " ind2=" ">
    <subfield code="a">xv, 869 p. ; </subfield>
    <subfield code="c">23 cm.</subfield>
    <subfield code="b">il., (col)</subfield>
  </datafield>
  <datafield tag="504" ind1=" " ind2=" ">
    <subfield code="a">Incluye bibliogr&#xE1;ficas e &#xED;ndices</subfield>
  </datafield>
  <datafield tag="650" ind1=" " ind2="6">
    <subfield code="a">Vegetaci&#xF3;n</subfield>
    <subfield code="v"> Clasificaci&#xF3;n</subfield>
    <subfield code="z"> Cundinamarca (Colombia)</subfield>
    <subfield code="9">2066</subfield>
  </datafield>
  <datafield tag="650" ind1=" " ind2="6">
    <subfield code="a">Vegetaci&#xF3;n</subfield>
    <subfield code="z"> Cundinamarca (Colombia)</subfield>
    <subfield code="v"> Cat&#xE1;logos.</subfield>
    <subfield code="9">2067</subfield>
  </datafield>
  <datafield tag="650" ind1=" " ind2=" ">
    <subfield code="a">Plantas</subfield>
    <subfield code="z"> Cundinamarca (Colombia)</subfield>
    <subfield code="v"> Cat&#xE1;logos.</subfield>
    <subfield code="9">2068</subfield>
  </datafield>
  <datafield tag="700" ind1="1" ind2=" ">
    <subfield code="a">Mahecha Vega, Gilberto E.</subfield>
    <subfield code="9">2069</subfield>
  </datafield>
  <datafield tag="700" ind1="1" ind2=" ">
    <subfield code="a">Ovalle-Escobar, Alberto</subfield>
    <subfield code="9">2070</subfield>
  </datafield>
  <datafield tag="700" ind1="1" ind2=" ">
    <subfield code="a">Camelo-Salamanca, Dalila</subfield>
    <subfield code="9">2071</subfield>
  </datafield>
  <datafield tag="700" ind1="1" ind2=" ">
    <subfield code="a">Rozo-Fern&#xE1;ndez, Alejandra</subfield>
    <subfield code="9">2072</subfield>
  </datafield>
  <datafield tag="700" ind1="1" ind2=" ">
    <subfield code="a">Barrero-Barrero, Delf&#xED;n</subfield>
    <subfield code="9">2073</subfield>
  </datafield>
  <datafield tag="942" ind1=" " ind2=" ">
    <subfield code="2">ddc</subfield>
    <subfield code="c">Impreso</subfield>
    <subfield code="0">4</subfield>
  </datafield>
  <datafield tag="999" ind1=" " ind2=" ">
    <subfield code="c">7662</subfield>
    <subfield code="d">7662</subfield>
  </datafield>
  <datafield tag="952" ind1=" " ind2=" ">
    <subfield code="0">0</subfield>
    <subfield code="1">0</subfield>
    <subfield code="2">ddc</subfield>
    <subfield code="4">0</subfield>
    <subfield code="7">0</subfield>
    <subfield code="8">GENERAL</subfield>
    <subfield code="I">INV2017</subfield>
    <subfield code="a">Bogota</subfield>
    <subfield code="b">Bogota</subfield>
    <subfield code="d">2013-09-10</subfield>
    <subfield code="e">Instituto</subfield>
    <subfield code="g">39000.00</subfield>
    <subfield code="l">4</subfield>
    <subfield code="o">LB-581.1  C25v</subfield>
    <subfield code="p">058471</subfield>
    <subfield code="r">2015-05-20 00:00:00</subfield>
    <subfield code="s">2015-05-20</subfield>
    <subfield code="t">Ej. 1</subfield>
    <subfield code="w">2013-09-10</subfield>
    <subfield code="x">Donaci&#xF3;n</subfield>
    <subfield code="y">LIBRO</subfield>
  </datafield>
</record>
